[Event "Howell (US Am N/3/20)"]
[Site "?"]
[Date "1996.??.??"]
[Round "?"]
[White "Merte, Otto"]
[Black "Martell, Raul"]
[Result "1/2-1/2"]
[WhiteElo "1850"]
[BlackElo "1605"]
[PlyCount "85"]
[EventDate "1996.??.??"]

{3/(20)} 1. c4 e5 2. Nc3 Nf6 3. g3 d6 4. Bg2 Be7 5. e4 c6 6. Nge2 Be6 7. d3 O-O
8. O-O Qc7 9. f4 Ng4 10. f5 Qb6+ 11. Kh1 Nf2+ 12. Rxf2 Qxf2 13. fxe6 fxe6 14.
Qg1 Nd7 15. Be3 Qxg1+ 16. Kxg1 h6 17. Rf1 Rxf1+ 18. Bxf1 Nf6 19. Bh3 Kf7 20. d4
exd4 21. Nxd4 e5 22. Nf5 b6 23. b3 Rd8 24. Bg2 Nh7 25. Nxe7 Kxe7 26. Nd1 Nf6
27. h3 d5 28. cxd5 cxd5 29. exd5 Nxd5 30. Bxd5 Rxd5 31. Nf2 Ke6 32. Kf1 Rd7 33.
Ke2 Rc7 34. Kd2 Rd7+ 35. Kc2 Rc7+ 36. Kb2 Rf7 37. Ne4 Rf3 38. Bd2 Kd5 39. Nc3+
Kd4 40. Kc2 e4 41. Ne2+ Kd5 42. Nc3+ Kd4 43. Ne2+ 1/2-1/2

[Event "Howell (US Am N/5/16)"]
[Site "?"]
[Date "1996.??.??"]
[Round "?"]
[White "Merte, Otto"]
[Black "Grzegorczyk, Ron"]
[Result "1-0"]
[WhiteElo "1850"]
[BlackElo "1655"]
[PlyCount "115"]
[EventDate "1996.??.??"]

{5/(16)} 1. c4 c5 2. Nf3 Nc6 3. Nc3 Nf6 4. d4 cxd4 5. Nxd4 g6 6. e3 Bg7 7. Be2
O-O 8. O-O d6 9. b3 Nxd4 10. exd4 Qc7 11. Bb2 a6 12. Qd2 Bg4 13. Rac1 Bxe2 14.
Qxe2 Qd7 15. Rfd1 Rac8 16. h3 Rfe8 17. Rc2 e6 18. Ne4 Qc6 19. Ng3 Qc7 20. Qd3
Nd7 21. Rdc1 Bh6 22. Re1 Bg7 23. Ree2 Nf6 24. d5 e5 25. Bc1 Nd7 26. Ne4 f5 27.
Ng5 e4 28. Qd1 Nf8 29. h4 h6 30. Nh3 Qe7 31. g3 Qd8 32. Be3 Kh7 33. Bd4 Qe7 34.
f3 Bxd4+ 35. Qxd4 Qe5 36. Qxe5 Rxe5 37. fxe4 fxe4 38. Re3 g5 39. hxg5 hxg5 40.
Rce2 Kg6 41. Rxe4 Nd7 42. Nf2 Rce8 43. Kg2 Rxe4 44. Rxe4 Ne5 45. Nd3 Kf5 46.
Re1 Kf6 47. Nxe5 Rxe5 48. Rxe5 Kxe5 49. Kf3 b5 50. Ke3 g4 51. Kd3 b4 52. Ke3 a5
53. Kd3 Kf5 54. Kd4 Kf6 55. c5 dxc5+ 56. Kxc5 Ke7 57. Kc6 Kd8 58. Kd6 1-0

[Event "Howell (US Am N/1/24)"]
[Site "?"]
[Date "1996.??.??"]
[Round "?"]
[White "Merte, Otto"]
[Black "Charette, B."]
[Result "1/2-1/2"]
[WhiteElo "1850"]
[BlackElo "1605"]
[PlyCount "104"]
[EventDate "1996.??.??"]

{1/(24)} 1. c4 e5 2. Nc3 Nf6 3. g3 Nc6 4. e4 Bb4 5. Nge2 Nd4 6. Bg2 Nxe2 7.
Nxe2 O-O 8. O-O Be7 9. d3 d6 10. f4 exf4 11. Bxf4 c6 12. Nc3 Bg4 13. Qc2 Qb6+
14. Kh1 Rad8 15. Rae1 Be6 16. Bg5 Rfe8 17. Be3 Qc7 18. Bf4 Qc8 19. Bg5 Bh3 20.
a3 Nh5 21. Bxe7 Rxe7 22. Ne2 Bxg2+ 23. Kxg2 Nf6 24. Nf4 d5 25. cxd5 cxd5 26.
Qxc8 Rxc8 27. e5 Ng4 28. Nxd5 Rc2+ 29. Kh3 h5 30. Nxe7+ Kf8 31. Kh4 Rxh2+ 32.
Kg5 Kxe7 33. Rh1 Rxb2 34. Rxh5 Nf2 35. d4 Rd2 36. Rh4 Rd3 37. Rh2 Nd1 38. Rhh1
Nc3 39. Rh4 Nb5 40. Rb1 Nxd4 41. Rxb7+ Ke6 42. Rxd4 Rxd4 43. Rxa7 f6+ 44. exf6
gxf6+ 45. Kh5 Rd5+ 46. Kh4 Rg5 47. a4 Rg8 48. a5 f5 49. Ra6+ Ke5 50. Kh3 f4 51.
gxf4+ Kxf4 52. Rf6+ Ke5 1/2-1/2

[Event "Detroit (Class DE/3/8)"]
[Site "?"]
[Date "1996.??.??"]
[Round "?"]
[White "Menczer, David"]
[Black "Worley, Ron"]
[Result "0-1"]
[WhiteElo "1605"]
[BlackElo "1605"]
[PlyCount "44"]
[EventDate "1996.??.??"]

{3/(8)} 1. e4 e5 2. Nf3 Nc6 3. Bc4 Bc5 4. d3 d6 5. Ng5 Nh6 6. O-O O-O 7. Nc3
Nd4 8. h3 c6 9. a3 Kh8 10. b4 Bb6 11. a4 a5 12. b5 f5 13. Re1 Qf6 14. Nf3 f4
15. Nxd4 Bxd4 16. Bb2 Qg5 17. g4 f3 18. Bc1 Qh4 19. Re3 Qxh3 20. Qf1 Qxg4+ 21.
Kh2 Qh4+ 22. Kg1 Bh3 0-1

[Event "Flint (NI Jr Spon/3)"]
[Site "?"]
[Date "1996.??.??"]
[Round "?"]
[White "Menczer, David"]
[Black "Worley, Ron"]
[Result "0-1"]
[WhiteElo "1605"]
[BlackElo "1605"]
[PlyCount "117"]
[EventDate "1996.??.??"]

1. e4 e5 2. d4 exd4 3. c3 dxc3 4. Bc4 d6 5. Nf3 cxb2 6. Bxb2 Be6 7. Nbd2 Nf6 8.
Ng5 Bxc4 9. Nxc4 Nc6 10. O-O Be7 11. Re1 O-O 12. Qd2 d5 13. exd5 Bb4 14. Bc3
Bxc3 15. Qxc3 Nxd5 16. Qd3 Qxg5 17. Re5 Nf4 18. Rxg5 Nxd3 19. Rd5 Rad8 20. Rxd8
Rxd8 21. Rd1 b5 22. Na3 a6 23. Kf1 Nb2 24. Rxd8+ Nxd8 25. Nc2 c5 26. Ke2 Nc6
27. Ke3 b4 28. Ke4 Nd1 29. Kd5 Nd4 30. Ne3 Nxe3+ 31. fxe3 Nf5 32. Kxc5 Nxe3 33.
Kxb4 Nxg2 34. Ka5 Kf8 35. Kxa6 Ke8 36. Kb7 Ne3 37. a4 Nc4 38. Kc6 Kd8 39. Kc5
Na5 40. Kb5 Nb7 41. Kc6 Kc8 42. Kb6 f5 43. Kb5 g5 44. Kc4 h5 45. Kd4 Nd6 46.
Kd3 g4 47. a5 f4 48. a6 f3 49. Ke3 h4 50. h3 Ne4 51. hxg4 f2 52. Ke2 h3 53. a7
Kb7 54. g5 h2 55. g6 h1=Q 56. a8=Q+ Kxa8 57. g7 f1=Q+ 58. Ke3 Qff3+ 59. Kd4 0-1

[Event "Detroit (C"]
[Site "?"]
[Date "1996.??.??"]
[Round "?"]
[White "Menczer, David"]
[Black "Sturgis, Derreck"]
[Result "1-0"]
[WhiteElo "1605"]
[BlackElo "1605"]
[PlyCount "85"]
[EventDate "1996.??.??"]

1. e4 c5 2. Nf3 Nc6 3. d4 cxd4 4. Bc4 e6 5. Nxd4 Nf6 6. Nxc6 bxc6 7. e5 Ne4 8.
Nd2 Nxd2 9. Bxd2 d5 10. exd6 Bxd6 11. Bc3 O-O 12. Qd2 Qc7 13. O-O-O Bf4 14. g3
Bxd2+ 15. Rxd2 a5 16. Rhd1 Ba6 17. Bxa6 Rxa6 18. f4 Raa8 19. Be5 Qb6 20. a4
Rfd8 21. Bd4 c5 22. Bxc5 Qc7 23. Bd4 Qd7 24. Bb6 Qxd2+ 25. Rxd2 Rxd2 26. Kxd2
Ra6 27. Bd4 Rd6 28. c3 f6 29. Ke2 Rd7 30. b3 Rd5 31. Bb6 e5 32. c4 Rd6 33. c5
Re6 34. f5 e4 35. fxe6 Kf8 36. Bd8 Ke8 37. e7 f5 38. c6 g5 39. c7 f4 40. gxf4
gxf4 41. c8=Q e3 42. Qc6+ Kf7 43. e8=Q+ 1-0

[Event "Detroit (Class DE/1/12)"]
[Site "?"]
[Date "1996.??.??"]
[Round "?"]
[White "Menczer, David"]
[Black "Chia, L."]
[Result "1-0"]
[WhiteElo "1605"]
[BlackElo "1605"]
[PlyCount "75"]
[EventDate "1996.??.??"]

{1/(12)} 1. e4 e5 2. Nf3 d5 3. exd5 Bd6 4. Bc4 Nf6 5. Nxe5 O-O 6. d4 Bxe5 7.
dxe5 Qe7 8. Qd4 Nbd7 9. Bf4 Ng4 10. e6 c5 11. Qd3 Nxf2 12. Kxf2 fxe6 13. Qe4
Qh4+ 14. g3 Qe7 15. Qxe6+ Qf7 16. Qxf7+ Rxf7 17. d6 Nf6 18. Re1 Kf8 19. Bxf7
Kxf7 20. Nc3 Bf5 21. Re7+ Kg6 22. Rxb7 Bxc2 23. Be3 Ng4+ 24. Ke2 Re8 25. Nd5
Be4 26. d7 Rd8 27. Rd1 Ne5 28. Nf4+ Kf5 29. Rxa7 Bf3+ 30. Ke1 Bxd1 31. Kxd1
Nxd7 32. Kc2 g5 33. Nd3 g4 34. Nxc5 Nxc5 35. Bxc5 Ke4 36. Rxh7 Kd5 37. Rc7 Re8
38. Kd3 1-0

[Event "Flint (MI Ch Spon/2)"]
[Site "?"]
[Date "1996.??.??"]
[Round "?"]
[White "Menczer, David"]
[Black "Brumley, Ron"]
[Result "0-1"]
[WhiteElo "1605"]
[BlackElo "1605"]
[PlyCount "68"]
[EventDate "1996.??.??"]

1. e4 d5 2. exd5 Nf6 3. Nf3 Bg4 4. Bc4 Nbd7 5. d4 a6 6. Qd3 Nb6 7. Bb3 Nbxd5 8.
O-O e6 9. Bg5 h6 10. Bxf6 Qxf6 11. Bxd5 exd5 12. Re1+ Be7 13. Nbd2 O-O-O 14.
Re3 g5 15. Ne5 Bf5 16. Qc3 h5 17. Rae1 Bd6 18. Qa5 Qg7 19. Qxd5 Be6 20. Qa5
Rdg8 21. c4 c6 22. Nxc6 bxc6 23. Qxa6+ Kd7 24. Qb7+ Bc7 25. d5 Rb8 26. Qxc6+
Kc8 27. dxe6 fxe6 28. Qxe6+ Qd7 29. Qxd7+ Kxd7 30. Re7+ Kd8 31. Re8+ Rxe8 32.
Rxe8+ Kxe8 33. b3 Rd8 34. g3 Rxd2 0-1

[Event "Eastpointe (EDO/5/19)"]
[Site "?"]
[Date "1996.??.??"]
[Round "?"]
[White "Melton, J."]
[Black "Wensink, E."]
[Result "0-1"]
[WhiteElo "1605"]
[BlackElo "1605"]
[PlyCount "52"]
[EventDate "1996.??.??"]

{5/(19)} 1. e4 e5 2. Nf3 Nc6 3. Bc4 Be7 4. c3 Nf6 5. d3 O-O 6. Bg5 d6 7. h3 Na5
8. Bxf6 Bxf6 9. Bb3 Nxb3 10. axb3 b6 11. O-O Bd7 12. Nfd2 d5 13. f3 d4 14. c4
Bg5 15. b4 Bf4 16. Nb3 Bc8 17. Nc1 Qg5 18. g4 h5 19. Ne2 Be3+ 20. Kh1 hxg4 21.
fxg4 f6 22. Ng3 Qh4 23. Kg2 Kf7 24. Nf5 Bxf5 25. exf5 Rh8 26. Rh1 Qf2# 0-1

[Event "Howell (US Am N/1/31)"]
[Site "?"]
[Date "1996.??.??"]
[Round "?"]
[White "Melton, J."]
[Black "McGrath, Michael"]
[Result "0-1"]
[WhiteElo "1605"]
[BlackElo "1755"]
[PlyCount "56"]
[EventDate "1996.??.??"]

{1/(31)} 1. e4 e5 2. Nf3 d6 3. Bc4 f5 4. d3 Nf6 5. Ng5 d5 6. exd5 Nxd5 7. O-O
Be7 8. Nf3 Nc6 9. Nc3 Be6 10. Bb5 Qd6 11. Re1 Nxc3 12. bxc3 O-O 13. Nxe5 Nxe5
14. d4 Ng4 15. g3 Bd5 16. Be2 Qf6 17. c4 Bc6 18. a4 Rad8 19. c3 Bd6 20. f4 Rfe8
21. c5 Bxc5 22. Ba3 Bxa3 23. Rxa3 Ne3 24. Qc1 Qd6 25. c4 Qxd4 26. Rd3 Qe4 27.
Bf1 Qh1+ 28. Kf2 Qxh2+ 0-1

[Event "Howell (US Am N/5/38)"]
[Site "?"]
[Date "1996.??.??"]
[Round "?"]
[White "Melton, J."]
[Black "Gregg, Ted"]
[Result "0-1"]
[WhiteElo "1605"]
[BlackElo "1605"]
[PlyCount "60"]
[EventDate "1996.??.??"]

{5/(38)} 1. e4 e5 2. Nf3 Nc6 3. Bc4 Bc5 4. c3 Nf6 5. d3 O-O 6. b4 Bb6 7. Ba3 d6
8. h3 a6 9. Bc1 h6 10. g4 Nh7 11. Bd2 Be6 12. Qc1 Qf6 13. Ke2 Rad8 14. Rh2 Ne7
15. g5 hxg5 16. Nxg5 d5 17. Nxh7 Kxh7 18. Bg5 Qg6 19. Bxe7 dxc4 20. Bxd8 cxd3+
21. Kd2 Rxd8 22. Qf1 Qxe4 23. Na3 Qf3 24. Rh1 e4 25. Rb1 Bxf2 26. Nc2 dxc2+ 27.
Kxc2 e3 28. Rh2 Bf5+ 29. Kb2 Bxb1 30. Kxb1 Rd1+ 0-1

[Event "Howell (US Am N/3/42)"]
[Site "?"]
[Date "1996.??.??"]
[Round "?"]
[White "Melton, J."]
[Black "Charette, K."]
[Result "0-1"]
[WhiteElo "1605"]
[BlackElo "1605"]
[PlyCount "66"]
[EventDate "1996.??.??"]

{3/(42)} 1. e4 e5 2. Nf3 Nf6 3. Bc4 Nxe4 4. Qe2 d5 5. Bb3 Nf6 6. Nxe5 Qe7 7. d4
Nbd7 8. Nc3 c6 9. O-O Nxe5 10. dxe5 Nd7 11. Re1 Nc5 12. f4 Qe6 13. Be3 Bd7 14.
a3 Nxb3 15. cxb3 Be7 16. Qf2 b6 17. Ne2 c5 18. Ng3 d4 19. Bd2 Qxb3 20. f5 O-O-O
21. f6 gxf6 22. exf6 Bd6 23. Ne4 Bc7 24. Bf4 Rhe8 25. Bxc7 Kxc7 26. Qf4+ Kc6
27. a4 Be6 28. a5 Bd5 29. axb6 axb6 30. Ra7 Qc2 31. Qc7+ Kb5 32. Nd6+ Rxd6 33.
Rxe8 Qxg2# 0-1

[Event "Eastpointe (EDO/2/20)"]
[Site "?"]
[Date "1996.??.??"]
[Round "?"]
[White "Melton, J."]
[Black "Brown, W."]
[Result "0-1"]
[WhiteElo "1605"]
[BlackElo "1605"]
[PlyCount "68"]
[EventDate "1996.??.??"]

{2/(20)} 1. e4 e5 2. Nf3 Nc6 3. Bc4 h6 4. c3 Nf6 5. d3 Na5 6. Nxe5 Nxc4 7. Nxc4
d6 8. O-O b5 9. Ne3 g6 10. f3 c6 11. d4 Qe7 12. b3 Bg7 13. Ba3 Qc7 14. e5 dxe5
15. dxe5 Qxe5 16. Re1 Be6 17. Nc4 Qd5 18. Nd6+ Kd7 19. Nb7 Kc7 20. Nc5 Rhe8 21.
Nd2 Rad8 22. Nce4 Nh5 23. c4 Qd4+ 24. Kh1 Qxa1 25. Qe2 Qxa2 26. Bd6+ Kc8 27.
cxb5 f5 28. bxc6 fxe4 29. Nxe4 Qxe2 30. Rxe2 Bxb3 31. Re3 Bd5 32. c7 Bxe4 33.
fxe4 Rxd6 34. h3 Rxe4 0-1

[Event "Eastpointe (EDO/4/18)"]
[Site "?"]
[Date "1996.??.??"]
[Round "?"]
[White "Melton, J."]
[Black "Bedy, N."]
[Result "0-1"]
[WhiteElo "1605"]
[BlackElo "1605"]
[PlyCount "64"]
[EventDate "1996.??.??"]

{4/(18)} 1. e4 d5 2. e5 Bf5 3. d4 e6 4. g4 Be4 5. f3 Bg6 6. Be3 f6 7. Bd3 Bxd3
8. Qxd3 fxe5 9. dxe5 Nd7 10. Bf4 c5 11. g5 Ne7 12. h4 Nf5 13. b3 Qb6 14. Ne2
O-O-O 15. Ng3 Nxg3 16. Bxg3 Be7 17. f4 Qc6 18. O-O c4 19. Qd2 b6 20. Bf2 Nc5
21. Bxc5 Bxc5+ 22. Kh2 g6 23. b4 Be7 24. c3 h6 25. Na3 hxg5 26. fxg5 Rxh4+ 27.
Kg3 Rdh8 28. Qc1 Rh3+ 29. Kf2 Rh2+ 30. Ke1 d4 31. Qf4 R8h4 32. Qf7 Qe4+ 0-1

[Event "Ann Arbor (Mini-Swiss/2/6)"]
[Site "?"]
[Date "1996.??.??"]
[Round "?"]
[White "Mellas, Jim"]
[Black "Carrara, W."]
[Result "0-1"]
[WhiteElo "1605"]
[BlackElo "1730"]
[PlyCount "93"]
[EventDate "1996.??.??"]

{2/(6)} 1. e4 e5 2. Nf3 Nc6 3. Bc4 Nf6 4. Ng5 d5 5. exd5 Na5 6. Bb5+ Bd7 7. Qe2
Qe7 8. Bxd7+ Nxd7 9. d3 h6 10. Nf3 b6 11. Qe4 Rc8 12. Bd2 Nb7 13. c4 g6 14. Nc3
Bg7 15. Nb5 Nd6 16. Nxd6+ cxd6 17. Bc3 O-O 18. b4 f5 19. Qh4 g5 20. Qg3 e4 21.
Nd4 f4 22. Qg4 Bxd4 23. Bxd4 exd3+ 24. Qe6+ Qxe6+ 25. dxe6 Rxc4 26. exd7 Rxd4
27. Kd2 Rd8 28. Rac1 Rxd7 29. Rhe1 Kf7 30. a4 Rd5 31. Rc8 Re5 32. Rec1 Re8 33.
Kxd3 Rxc8 34. Rxc8 Re7 35. g4 Kf6 36. h3 Ke5 37. b5 Kf6 38. Rd8 Ke5 39. Rh8 Kd5
40. Rxh6 Kc5 41. Rh5 Re5 42. h4 gxh4 43. Rxe5+ dxe5 44. Ke2 e4 45. Kf1 Kc4 46.
Kg1 e3 47. fxe3 0-1

[Event "Lansing (MOR/1a/4)"]
[Site "?"]
[Date "1996.??.??"]
[Round "?"]
[White "Meek, R."]
[Black "Walquist, Elaine"]
[Result "0-1"]
[WhiteElo "1605"]
[BlackElo "1730"]
[PlyCount "90"]
[EventDate "1996.??.??"]

1. d4 Nf6 2. c4 g6 3. Nc3 Bg7 4. Nf3 O-O 5. e3 d6 6. Bd3 Nbd7 7. O-O e5 8. d5
Nc5 9. e4 a5 10. Be3 b6 11. Bxc5 bxc5 12. Nd2 Ne8 13. f3 f5 14. Bc2 f4 15. Qe1
g5 16. Bd1 Nf6 17. Kh1 h5 18. Kg1 Bh6 19. Kf2 Rf7 20. Ke2 Rb8 21. Rb1 g4 22.
Kd3 Rg7 23. Rg1 Ba6 24. Kc2 Rb4 25. Be2 c6 26. a3 Rb8 27. Qf1 cxd5 28. cxd5
Bxe2 29. Qxe2 Rgb7 30. Nc4 Rb3 31. a4 R3b7 32. Nb5 Bf8 33. Qd2 Ra8 34. Qe1 Rg7
35. Qe2 Ne8 36. Qd2 Nc7 37. Nxc7 Qxc7 38. b3 Be7 39. Qe1 Bd8 40. Qd2 Rb8 41.
Qc3 Rb4 42. Na3 Qb6 43. Nb5 c4 44. bxc4 gxf3 45. Rbf1 Rxg2+ 0-1

[Event "Lansing (MOR/3/45)"]
[Site "?"]
[Date "1996.??.??"]
[Round "?"]
[White "Meek, R."]
[Black "Krzyston, Joe"]
[Result "1-0"]
[WhiteElo "1605"]
[BlackElo "1605"]
[PlyCount "48"]
[EventDate "1996.??.??"]

{3/(45)} 1. d4 h6 2. e4 g5 3. g3 Bg7 4. Bg2 c5 5. c3 d6 6. Be3 Nf6 7. dxc5 Nc6
8. cxd6 Ne5 9. Bd4 Nc4 10. Qb3 Nxd6 11. e5 Ng4 12. exd6 Bxd4 13. cxd4 Qxd6 14.
Qd3 a6 15. Ne2 Bd7 16. O-O Bb5 17. Qd2 Rb8 18. Nbc3 Bc6 19. Bxc6+ bxc6 20. Rab1
f6 21. Rfe1 h5 22. h3 Nh6 23. d5 cxd5 24. Qe3 Nf5 {[Remainder illegible; 1-0,
52?=} 1-0

[Event "Lansing (MOR/7/30)"]
[Site "?"]
[Date "1996.??.??"]
[Round "?"]
[White "Meek, R."]
[Black "Krimmel, J."]
[Result "1-0"]
[WhiteElo "1605"]
[BlackElo "1605"]
[PlyCount "117"]
[EventDate "1996.??.??"]

{7/(30)} 1. d4 d5 2. c4 Nf6 3. Nc3 e6 4. Nf3 Bb4 5. e3 O-O 6. a3 Bxc3+ 7. bxc3
b6 8. Bd3 Ba6 9. cxd5 Bxd3 10. Qxd3 exd5 11. O-O h6 12. Bd2 Nc6 13. Rfc1 Na5
14. Ne5 Qd6 15. Qc2 Ne4 16. f3 Nxd2 17. Qxd2 Nb3 18. Qa2 Nxa1 19. Qxa1 c5 20.
Nd3 c4 21. Nb4 b5 22. a4 a6 23. a5 Rfe8 24. Re1 Re6 25. g3 Rae8 26. Kf2 f5 27.
f4 g5 28. Qb1 Qf8 29. Nxd5 Qf7 30. Nb4 g4 31. d5 Re4 32. Qd1 Rd8 33. Qc2 Qf6
34. Rd1 h5 35. Rd4 Rxd4 36. exd4 h4 37. Qe2 Qh6 38. Qe6+ Qxe6 39. dxe6 h3 40.
d5 Rd6 41. Ke3 Kg7 42. Kd4 Kf6 43. Kc5 Rd8 44. Nxa6 Ke7 45. Nb4 Rd6 46. a6 Rxa6
47. Nxa6 Ke8 48. Kxb5 Ke7 49. Kxc4 Kd6 50. Kb5 Ke7 51. Kc6 Kd8 52. d6 Ke8 53.
Kc7 Kf8 54. d7 Ke7 55. d8=Q+ Kxe6 56. Qd6+ Kf7 57. Kd7 Kg7 58. Ke7 Kh7 59. Kf7
1-0

[Event "Lansing (MOR/5/34)"]
[Site "?"]
[Date "1996.??.??"]
[Round "?"]
[White "Meek, R."]
[Black "Garfield-Turner, A."]
[Result "1/2-1/2"]
[WhiteElo "1605"]
[BlackElo "1605"]
[PlyCount "44"]
[EventDate "1996.??.??"]

{5/(34)} 1. d4 Nf6 2. c4 e6 3. Nc3 d5 4. Nf3 Bb4 5. a3 Bxc3+ 6. bxc3 O-O 7. e3
Nbd7 8. cxd5 exd5 9. c4 b6 10. cxd5 Nxd5 11. Bc4 N5f6 12. O-O Bb7 13. Bd2 Qe7
14. Bb4 c5 15. dxc5 bxc5 16. Bc3 Rad8 17. Qe2 Bd5 18. Rfd1 Bxc4 19. Qxc4 Qe4
20. Qxe4 Nxe4 21. Ba5 Nb6 22. Kf1 Rfe8 1/2-1/2

[Event "Ann Arbor (Fall Open/3/11)"]
[Site "?"]
[Date "1996.??.??"]
[Round "?"]
[White "Mears, M."]
[Black "Gardner, James"]
[Result "1-0"]
[WhiteElo "1605"]
[BlackElo "1605"]
[PlyCount "75"]
[EventDate "1996.??.??"]

{3/(11)} 1. e4 e5 2. Nf3 Nc6 3. d4 exd4 4. Nxd4 Nge7 5. Bb5 a6 6. Bxc6 bxc6 7.
O-O Bb7 8. Nc3 Ng6 9. a3 Bc5 10. Re1 O-O 11. Nf5 Re8 12. Qh5 Ne7 13. Nxe7+ Qxe7
14. Bf4 Qf6 15. Re2 Qxf4 16. Qxc5 Re5 17. Qc4 d5 18. Qb4 Rb8 19. exd5 Qxb4 20.
axb4 Rxe2 21. Nxe2 cxd5 22. Re1 Re8 23. Kf1 c6 24. Nd4 Rxe1+ 25. Kxe1 Kf8 26.
Ke2 Ke7 27. Ke3 g6 28. Kf4 Kf6 29. h4 h6 30. g4 g5+ 31. hxg5+ hxg5+ 32. Ke3 Ke5
33. c3 f6 34. f3 Ba8 35. Nf5 Bb7 36. Nh6 Bc8 37. Nf7+ Ke6 38. Nd8+ 1-0

[Event "Cadillac Open/5/9"]
[Site "?"]
[Date "1996.??.??"]
[Round "?"]
[White "McNew, D."]
[Black "Egerton, J."]
[Result "0-1"]
[WhiteElo "1605"]
[BlackElo "1900"]
[PlyCount "118"]
[EventDate "1996.??.??"]

{5/9} 1. d4 Nf6 2. c4 e6 3. Nc3 d5 4. e3 Be7 5. Nf3 O-O 6. Qc2 b6 7. cxd5 exd5
8. Bd3 h6 9. O-O Be6 10. e4 dxe4 11. Nxe4 Nbd7 12. h3 Nd5 13. a3 c5 14. dxc5
Nxc5 15. Nxc5 Bxc5 16. b4 Be7 17. Bb2 Rc8 18. Qd2 Bf6 19. Rac1 Bxb2 20. Qxb2
Rxc1 21. Rxc1 Nxb4 22. Qxb4 Qxd3 23. Rc7 Rc8 24. Rxc8+ Bxc8 25. Qe7 Qd1+ 26.
Kh2 Qd7 27. Qe3 Qd6+ 28. Kg1 Qd1+ 29. Kh2 Qd6+ 30. Kg1 Qe6 31. Qd3 Bd7 32. Ne5
Be8 33. Nf3 Bc6 34. Qd8+ Kh7 35. Qd1 Qe4 36. Ne1 Ba4 37. Qc1 Bb5 38. Nf3 Bc6
39. Ne1 a6 40. f3 Qd4+ 41. Kh2 Qd6+ 42. Kh1 g6 43. Qe3 Bb5 44. Qb3 Kg8 45. Qe3
Qe6 46. Qc3 Qc4 47. Qd2 Qe2 48. Qc3 Kh7 49. Kh2 Qc4 50. Qe3 Qc7+ 51. Kh1 a5 52.
Qd2 Bd7 53. Nc2 b5 54. Ne3 Be6 55. g4 Qg3 56. Qg2 Qe1+ 57. Qg1 Qc3 58. Qb1 Qxe3
59. Qxb5 Qxf3+ 0-1

[Event "Cadillac Open/2/14"]
[Site "?"]
[Date "1996.??.??"]
[Round "?"]
[White "McNew, D."]
[Black "Bezak, C."]
[Result "1-0"]
[WhiteElo "1605"]
[BlackElo "1605"]
[PlyCount "48"]
[EventDate "1996.??.??"]

{2/14} 1. d4 d5 2. c4 c6 3. Nf3 Bg4 4. e3 Nf6 5. Be2 Nbd7 6. Nc3 Bxf3 7. Bxf3
e5 8. dxe5 Nxe5 9. cxd5 Nxf3+ 10. Qxf3 Nxd5 11. e4 Nxc3 12. Qxc3 g6 13. Qxh8 h6
14. O-O Qe7 15. Qd4 Qc7 16. Be3 Bd6 17. g3 O-O-O 18. Qxa7 Be5 19. Bb6 Qe7 20.
Bxd8 Kxd8 21. Rad1+ Kc7 22. Rd2 Qb4 23. Rfd1 Qe7 24. Qa5+ b6 1-0

[Event "Cadillac Open/3/8"]
[Site "?"]
[Date "1996.??.??"]
[Round "?"]
[White "McNew, D."]
[Black "Ashton, Jeff"]
[Result "0-1"]
[WhiteElo "1605"]
[BlackElo "1895"]
[PlyCount "90"]
[EventDate "1996.??.??"]

{3/8} 1. d4 Nf6 2. c4 e6 3. Nf3 b6 4. Bg5 Be7 5. Nc3 Bb7 6. e3 d6 7. Bd3 Nbd7
8. O-O O-O 9. Re1 e5 10. d5 Nxd5 11. Nxd5 Bxg5 12. Nxg5 Qxg5 13. f4 Qd8 14. Qc2
h6 15. f5 Nf6 16. Nxf6+ Qxf6 17. e4 Rfe8 18. Re3 c6 19. Qb3 Rad8 20. Rd1 d5 21.
cxd5 cxd5 22. Bb5 Rf8 23. exd5 Qxf5 24. Bd3 Qf4 25. Be4 Rd6 26. Rf1 Qg4 27. Qb4
Qd7 28. Bf5 Qd8 29. Rxe5 Rxd5 30. Rxd5 Qxd5 31. Bh3 Re8 32. b3 Re2 33. Qg4 Rxa2
34. Rd1 Rd2 35. Re1 Qd4+ 36. Qxd4 Rxd4 37. Re8+ Kh7 38. Re7 Bd5 39. Rxa7 Bxb3
40. Bf5+ g6 41. Bd7 Rd2 42. Bc6 Kg7 43. Rb7 Rd6 44. Bb5 Rd1+ 45. Bf1 Bc4 0-1

[Event "Flint (MI Jr/3/1)"]
[Site "?"]
[Date "1996.??.??"]
[Round "?"]
[White "McNeil, Yaking"]
[Black "Zaremba, Andrei"]
[Result "0-1"]
[WhiteElo "1605"]
[BlackElo "2075"]
[PlyCount "52"]
[EventDate "1996.??.??"]

{3/(1)} 1. e4 c5 2. Nf3 e6 3. d4 cxd4 4. Nxd4 Nf6 5. Bd3 Nc6 6. c3 d5 7. exd5
Nxd4 8. Qa4+ Bd7 9. Qxd4 Nxd5 10. Be4 Bc6 11. O-O Nf6 12. Bxc6+ bxc6 13. Qa4
Qc8 14. Nd2 Be7 15. Ne4 Nxe4 16. Qxe4 Rb8 17. Qd4 O-O 18. Qxa7 Bd6 19. Qd4 Qc7
20. Qh4 Rfd8 21. b3 Be5 22. Be3 Bxc3 23. Rac1 Be5 24. f4 Bf6 25. Qh3 Rd3 26.
Bb6 Qxb6+ 0-1

[Event "Flint (MI Jr/2/7)"]
[Site "?"]
[Date "1996.??.??"]
[Round "?"]
[White "McNeil, Yaking"]
[Black "Salami, Samer"]
[Result "1-0"]
[WhiteElo "1605"]
[BlackElo "1605"]
[PlyCount "75"]
[EventDate "1996.??.??"]

{2/(7)} 1. e4 e5 2. Nf3 Nc6 3. Bc4 Bc5 4. d3 h6 5. a3 d6 6. Nc3 Bg4 7. Na4 Nd4
8. c3 Nxf3+ 9. gxf3 Bh5 10. d4 Bb6 11. Nxb6 axb6 12. dxe5 dxe5 13. Qxd8+ Rxd8
14. Be2 Ne7 15. Rg1 Ng6 16. Be3 O-O 17. Rg3 Nf4 18. Bxf4 exf4 19. Rh3 Bg6 20.
Rh4 f5 21. Bc4+ Bf7 22. Bxf7+ Rxf7 23. Rxf4 Re8 24. Rc1 fxe4 25. Rxe4 Ref8 26.
Re3 Rxf3 27. Rxf3 Rxf3 28. Rd1 Rf5 29. Rd7 Rc5 30. Rd8+ Kh7 31. Rb8 Rb5 32. b4
c5 33. c4 cxb4 34. cxb5 b3 35. Rd8 b2 36. Rd1 Kg6 37. Rb1 Kf5 38. Rxb2 1-0

[Event "Detroit (MI Action/5/7)"]
[Site "?"]
[Date "1996.??.??"]
[Round "?"]
[White "McNeil, Yaking"]
[Black "Saenz, Scott"]
[Result "0-1"]
[WhiteElo "1605"]
[BlackElo "1605"]
[PlyCount "59"]
[EventDate "1996.??.??"]

{5/(7)} 1. b3 Nf6 2. f4 g6 3. Bb2 Bg7 4. Nf3 d6 5. e3 O-O 6. h3 Nc6 7. g4 h6 8.
Nc3 a6 9. Nh2 e5 10. Ne2 Nd5 11. d3 Nxe3 12. Qc1 exf4 13. Bxg7 Kxg7 14. Qb2+
Kg8 15. Nxf4 Re8 16. Kd2 Qh4 17. Be2 Qf2 18. Nf3 Ne5 19. Nxe5 Rxe5 20. Raf1
Nxf1+ 21. Rxf1 Qe3+ 22. Kd1 g5 23. Rf3 Qg1+ 24. Rf1 Qh2 25. d4 Re7 26. c4 gxf4
27. Re1 Qxh3 28. Rf1 Qe3 29. Rf3 Qg1+ 30. Kd2 0-1

[Event "Detroit (WCO/5/4)"]
[Site "?"]
[Date "1996.??.??"]
[Round "?"]
[White "McNeil, Yaking"]
[Black "Rotberg, Victor"]
[Result "0-1"]
[WhiteElo "1605"]
[BlackElo "1785"]
[PlyCount "80"]
[EventDate "1996.??.??"]

{5/(4)} 1. e3 Nf6 2. f4 d6 3. b3 g6 4. Bb2 Bg7 5. Be2 Nc6 6. g4 b6 7. g5 Nh5 8.
Nc3 Bf5 9. e4 Bxe4 10. Nxe4 Bxb2 11. Rb1 Bg7 12. Bxh5 gxh5 13. Qxh5 d5 14. Ng3
Qd7 15. N1e2 e6 16. Rf1 O-O-O 17. f5 f6 18. fxe6 Qxe6 19. gxf6 Bxf6 20. Qf5
Qxf5 21. Rxf5 Rhf8 22. d3 Nb4 23. Kd2 h6 24. a3 Nc6 25. Rbf1 Be7 26. a4 a5 27.
Kd1 Rfe8 28. Rh5 Bg5 29. h4 Be3 30. Nf5 Re5 31. Ne7+ Rxe7 32. Rf6 Kb7 33. Ng3
Rg8 34. Nf5 Ree8 35. Nxe3 Rxe3 36. Rhxh6 Nd4 37. c4 Rxd3+ 38. Ke1 Rg2 39. Rf2
Nf3+ 40. Ke2 Rd2+ 0-1

[Event "Howell (US Am N/6/29)"]
[Site "?"]
[Date "1996.??.??"]
[Round "?"]
[White "McNeil, Yaking"]
[Black "Mann, G."]
[Result "0-1"]
[WhiteElo "1605"]
[BlackElo "1605"]
[PlyCount "56"]
[EventDate "1996.??.??"]

{6/(29)} 1. e3 c6 2. f4 d5 3. Nf3 Nf6 4. b3 Bg4 5. Bb2 e6 6. Be2 Bxf3 7. Bxf3
Nbd7 8. Nc3 Qc7 9. a4 O-O-O 10. Qe2 a6 11. g4 Bb4 12. Rc1 Qd6 13. Na2 Ba3 14.
Bxa3 Qxa3 15. Ra1 Qd6 16. b4 e5 17. b5 Nb8 18. fxe5 Qxe5 19. Nc3 d4 20. exd4
Qxd4 21. Kd1 Qxc3 22. Rb1 Rhe8 23. Qg2 Rxd2+ 24. Qxd2 Rd8 25. Qxd8+ Kxd8 26.
bxc6 Qxf3+ 27. Kc1 Qxh1+ 28. Kb2 Qxb1+ 0-1

[Event "Howell (US Am N/4/31)"]
[Site "?"]
[Date "1996.??.??"]
[Round "?"]
[White "McNeil, Yaking"]
[Black "Jackson, Don"]
[Result "1-0"]
[WhiteElo "1605"]
[BlackElo "1605"]
[PlyCount "29"]
[EventDate "1996.??.??"]

{4/(31)} 1. e3 g5 2. h4 gxh4 3. Rxh4 c5 4. b3 d6 5. Bb2 Nf6 6. Nc3 Rg8 7. Ne4
h6 8. Nxf6+ exf6 9. Re4+ Be6 10. Qf3 Rg6 11. Bd3 Kd7 12. Rxe6 Kxe6 13. Qe4+ Kd7
14. Qxb7+ Qc7 15. Bf5+ 1-0